| 000 | 00582nam a2200181 i 4500 | ||
|---|---|---|---|
| 001 | 60192 | ||
| 003 | ES-MaACL | ||
| 005 | 20230906164155.0 | ||
| 007 | t| | ||
| 008 | 031103s1909 it ||||1| spa d | ||
| 080 | _a945.052 | ||
| 100 | 1 |
_aErrazuriz Urmeneta, Rafael. _947429 |
|
| 245 | 1 | 0 |
_aFlorencia en la Edad Media _b: historia y crónicas / _cRafael Errazuriz Urmeneta. |
| 260 |
_aRoma : _b[s.n.], _c1909 ( _fUnione Editrice) |
||
| 300 |
_aVIII, 396 p. ; _c21 cm. |
||
| 651 | 4 |
_aFlorencia- _xHistoria. _9137161 |
|
| 852 |
_aES-MaACL _jD-1185 _z.- Dedicatoria manuscrita del autor |
||
| 999 |
_c60192 _d60192 |
||